Tiere, die es in Minecraft gibt - Sudden Death - Statistiken

Allgemein
  • Dieses Quiz wurde 1.791 mal gespielt
  • Das Durchschnittsergebnis liegt bei 12 aus 15
Answers on the Grid
Answers color-coded by a green-red scale on the quiz's grid according to % correct below.
Kuh
Schwein
Schaf
Tintenfisch
Kabeljau
Schildkröte
Kamel
Ziege
Wolf
Biene
Hase
Fuchs
Delfin
Frosch
Lama
Ente
Schlange
Bär
Löwe
Rabe
Schnecke
Marienkäfer
Raupe
Wurm
Fliege
Affe
Panther
Puma
Schwan
Eichhörnchen
 
Antwortstatistiken
Antwort % Korrekt
Kuh
89%
Schaf
88%
Schwein
87%
Biene
85%
Tintenfisch
85%
Wolf
85%
Hase
83%
Lama
82%
Schildkröte
82%
Fuchs
80%
Delfin
79%
Ziege
77%
Frosch
75%
Kabeljau
75%
Kamel
71%
Keine übereinstimmenden Quizze gefunden
Verteilung der Resultate
Anzahl Personen mit jedem Resultat
Perzentil nach korrekt beantworteten Fragen
Ihre Resultats-Entwicklung
Sie haben dieses Quiz noch nicht gespielt